[Event "Mersin op 7th"]
[Site "Mersin"]
[Date "2023.11.17"]
[Round "8"]
[White "Gurbanov, Ismayil"]
[Black "Topuz, Mirac Melih"]
[Result "1-0"]
[WhiteElo "2107"]
[BlackElo "2044"]
[PlyCount "63"]
[EventDate "2023.11.12"]
[EventType "swiss"]
[EventRounds "9"]
[EventCountry "TUR"]
[SourceTitle "CB47_2023"]
[SourceDate "2023.11.22"]
[SourceVersion "1"]
[SourceVersionDate "2023.11.22"]
[SourceQuality "1"]

1. e4 c5 2. Nf3 d6 3. d4 cxd4 4. Nxd4 Nf6 5. Nc3 a6 6. Be2 e5 7. Nb3 Be6 8. f4 Nc6 9. f5 Bxb3 10. axb3 Nd4 11. Be3 Nxe2 12. Qxe2 d5 13. exd5 Bb4 14. Rd1 Qa5 15. 0-0 0-0 16. Bg5 Bxc3 17. bxc3 Nxd5 18. Qxe5 Qb6+ 19. Kh1 Nc7 20. Rd7 Rac8 21. Be3 Qc6 22. Bd4 Ne8 23. Qe7 Rc7 24. Bxg7 Kxg7 25. f6+ Qxf6 26. Rxf6 Rxd7 27. Qxd7 Nxf6 28. Qxb7 Re8 29. h3 h5 30. c4 Re1+ 31. Kh2 Ne4 32. Qe7 1-0

[Event "Mersin op 7th"]
[Site "Mersin"]
[Date "2023.11.13"]
[Round "2"]
[White "Aliyev, Ravan"]
[Black "Topuz, Mirac Melih"]
[Result "1-0"]
[WhiteElo "2327"]
[BlackElo "2044"]
[PlyCount "85"]
[EventDate "2023.11.12"]
[EventType "swiss"]
[EventRounds "9"]
[EventCountry "TUR"]
[SourceTitle "CB47_2023"]
[SourceDate "2023.11.22"]
[SourceVersion "1"]
[SourceVersionDate "2023.11.22"]
[SourceQuality "1"]

1. d4 Nf6 2. Nf3 e6 3. c4 b6 4. a3 c5 5. e3 Bb7 6. Nc3 cxd4 7. exd4 Be7 8. d5 d6 9. Be2 e5 10. 0-0 0-0 11. Ne1 Ne8 12. Nd3 f5 13. f4 Nd7 14. Be3 Rc8 15. Rc1 g5 16. g3 Kh8 17. b3 a6 18. a4 Ng7 19. Nb4 gxf4 20. gxf4 Qe8 21. Nc6 Bf6 22. Bf3 Rg8 23. Kh1 exf4 24. Bxf4 Ne5 25. Bg2 Nh5 26. Bxe5 dxe5 27. Rxf5 Rxg2 28. Qxh5 Qxh5 29. Rxh5 Rb2 30. Nxe5 Rxb3 31. Ne4 Bxe5 32. Rxe5 Re3 33. Rg1 Rf8 34. Re6 b5 35. axb5 axb5 36. Rf6 Rg8 37. Ng5 Rg6 38. Rf8+ Kg7 39. Rf7+ Kg8 40. Rxb7 bxc4 41. d6 Rxd6 42. Ne4+ Rg6 43. Nf6+ 1-0

[Event "TUR Cup"]
[Site "Denizli"]
[Date "2023.07.20"]
[Round "7"]
[White "Ozen, Metehan"]
[Black "Topuz, Mirac Melih"]
[Result "1/2-1/2"]
[WhiteElo "2043"]
[BlackElo "2037"]
[PlyCount "69"]
[EventDate "2023.07.16"]
[EventType "team-tourn"]
[EventRounds "9"]
[EventCountry "TUR"]
[SourceTitle "CBM 215 Extra"]
[Source "ChessBase"]
[SourceDate "2023.09.30"]
[SourceVersion "1"]
[SourceVersionDate "2023.09.30"]
[SourceQuality "1"]

1. e4 c5 2. Nf3 Nc6 3. d4 cxd4 4. Nxd4 Qc7 5. Nc3 e6 6. Be3 a6 7. Qd2 Nf6 8. 0-0-0 Be7 9. f3 b5 10. Nxc6 Qxc6 11. Ne2 Bb7 12. Kb1 Qc7 13. Bf4 e5 14. Bg5 d5 15. Bxf6 Bxf6 16. exd5 Bxd5 17. Nc3 Bc6 18. Ne4 Be7 19. Nd6+ Bxd6 20. Qxd6 Rd8 21. Qxd8+ Qxd8 22. Rxd8+ Kxd8 23. a4 Ke7 24. axb5 axb5 25. Bd3 g6 26. b4 f5 27. Kb2 Rd8 28. Ra1 e4 29. fxe4 fxe4 30. Re1 Rd6 31. Kc3 Re6 32. Bf1 Kd6 33. Kd4 Rf6 34. c4 Rf2 35. Re2 1/2-1/2

[Event "TUR Cup"]
[Site "Denizli"]
[Date "2023.07.17"]
[Round "2"]
[White "Topuz, Mirac Melih"]
[Black "Akdogan, Alperen"]
[Result "1-0"]
[WhiteElo "2037"]
[BlackElo "2219"]
[PlyCount "91"]
[EventDate "2023.07.16"]
[EventType "team-tourn"]
[EventRounds "9"]
[EventCountry "TUR"]
[SourceTitle "CBM 215 Extra"]
[Source "ChessBase"]
[SourceDate "2023.09.30"]
[SourceVersion "1"]
[SourceVersionDate "2023.09.30"]
[SourceQuality "1"]

1. e4 c6 2. d4 d5 3. exd5 cxd5 4. Nf3 Nc6 5. c4 Nf6 6. Nc3 Be6 7. c5 g6 8. Bb5 Bg7 9. Ne5 Bd7 10. 0-0 0-0 11. Re1 Ne4 12. Nxd7 Nxc3 13. bxc3 Qxd7 14. Rb1 Rfe8 15. f4 e6 16. Qa4 Rec8 17. Be3 Qc7 18. Bxc6 bxc6 19. Rb4 Rcb8 20. Reb1 Rxb4 21. Qxb4 h5 22. Qb7 Rc8 23. a4 Kf8 24. Kh1 Bf6 25. Qa6 Ra8 26. a5 Bd8 27. Bf2 Qc8 28. Qxc8 Rxc8 29. a6 Rc7 30. Rb8 Ke7 31. Bh4+ f6 32. Bxf6+ Kxf6 33. Rxd8 Kf5 34. Rf8+ Ke4 35. Kg1 Ke3 36. Rb8 Rf7 37. g3 Kd2 38. Rb7 Rf8 39. Rxa7 Kxc3 40. Rc7 Kxd4 41. Rxc6 Kc3 42. Rd6 d4 43. c6 d3 44. Kf2 e5 45. c7 d2 46. Rd8 1-0

[Event "EU-ch U14 30th"]
[Site "Antalya"]
[Date "2022.11.09"]
[Round "4"]
[White "Topuz, Mirac Melih"]
[Black "Cnejev, Vladimir Alexandru"]
[Result "0-1"]
[WhiteElo "1866"]
[BlackElo "2293"]
[PlyCount "88"]
[EventDate "2022.11.06"]
[EventType "swiss"]
[EventRounds "9"]
[EventCountry "TUR"]
[SourceTitle "CBM 211 Extra"]
[Source "ChessBase"]
[SourceDate "2023.01.31"]
[SourceVersion "1"]
[SourceVersionDate "2023.01.31"]
[SourceQuality "1"]

1. d4 d5 2. c4 e6 3. Nc3 Nf6 4. cxd5 exd5 5. Bg5 c6 6. Qc2 Be7 7. e3 h6 8. Bh4 0-0 9. Bd3 Re8 10. Nge2 Nbd7 11. 0-0 b5 12. Bg3 Bb7 13. f3 a6 14. e4 Nb6 15. e5 Nfd7 16. Rae1 Nf8 17. f4 c5 18. Kh1 Rc8 19. Bf5 Rc7 20. Qd3 b4 21. Nd1 Nc4 22. b3 Na3 23. Qf3 g6 24. Bh3 Nc2 25. f5 Bh4 26. Ne3 Nxe1 27. Rxe1 Bxg3 28. Nxg3 Qg5 29. Ng4 Nh7 30. e6 fxe6 31. fxe6 h5 32. Ne5 Qf6 33. Qd3 c4 34. Qb1 c3 35. Qc2 Ng5 36. Rf1 Qg7 37. Nd7 Kh8 38. Qc1 Nxe6 39. Ne5 Nxd4 40. Nd3 h4 41. Nh5 gxh5 42. Qf4 Re4 43. Qd6 Rf7 44. Ra1 c2 0-1